000 00412nam a2200157Ia 4500
008 230312s9999||||xx |||||||||||||| ||und||
020 _a81-203-0124-5
082 _a621.381
_bMOT-E
100 _aMottershead;Allen
245 0 _aElectronic Devices and Circuits
260 _bPHL Learning
_aIndia
_c2009
300 _a641
546 _aEng.
650 _aEngineering
_vElectronic Devices and Circuits
942 _cBK
999 _c7193
_d7193